MASTENING ORTHOPEDIC TECHNIQUES (Record no. 8666)

MARC details
000 -LEADER
fixed length control field 00342nam a22001577a 4500
003 - CONTROL NUMBER IDENTIFIER
control field SGT
020 ## - INTERNATIONAL STANDARD BOOK NUMBER
International Standard Book Number 978-81-8448-898-2
082 ## - DEWEY DECIMAL CLASSIFICATION NUMBER
Classification number 617.3, M12H
100 ## - MAIN ENTRY--PERSONAL NAME
Personal name MALHOTRA, RAJESH
245 ## - TITLE STATEMENT
Title MASTENING ORTHOPEDIC TECHNIQUES
250 ## - EDITION STATEMENT
Edition statement 1ST
260 ## - PUBLICATION, DISTRIBUTION, ETC. (IMPRINT)
Place of publication, distribution, etc JAYPEE
Name of publisher, distributor, etc DELHI
Year of Publication 2011
300 ## - PAGE DESCRIPTION
No. of Pages 641
650 ## - SUBJECT ADDED ENTRY--TOPICAL TERM
Topical term or geographic name as entry element ORTHOPEDIC
942 ## - ADDED ENTRY ELEMENTS (KOHA)
Source of classification or shelving scheme Dewey Decimal Classification
Koha item type Books
Holdings
Withdrawn status Lost status Source of classification or shelving scheme Damaged status Not for loan Collection code Home library Current library Shelving location Date acquired Vendor Name SGTU Bill Number Total Checkouts Full call number Accession No. (Barcode) Date last seen Date last borrowed Bill Date Koha item type
    Dewey Decimal Classification     MEDICAL SGT Medical Library SGT Medical Library Reference Book 30/03/2016 AHUJA BOOK COMPANY SGTU 5978 3 617.3, M12H FM7530 01/07/2019 15/06/2019 14/08/2015 Books